|
|
|
|
| LEADER |
00770nas a2200205 i 4500 |
| 001 |
acta42337 |
| 005 |
20260224081030.0 |
| 008 |
170530s2011 hu o 000 eng d |
| 022 |
|
|
|a 1417-3875
|
| 040 |
|
|
|a SZTE Egyetemi Kiadványok Repozitórium
|b hun
|
| 041 |
|
|
|a eng
|
| 100 |
1 |
|
|a Cherkas L. A.
|
| 245 |
1 |
0 |
|a Dulac-Cherkas functions for generalized Liénard systems
|h [elektronikus dokumentum] /
|c Cherkas L. A.
|
| 260 |
|
|
|c 2011
|
| 300 |
|
|
|a 1-23
|
| 490 |
0 |
|
|a Electronic journal of qualitative theory of differential equations
|
| 695 |
|
|
|a Liénard-rendszer, Lineáris differenciálegyenlet, Algebrai egyenletek
|
| 700 |
0 |
1 |
|a Grin A. A.
|e aut
|
| 700 |
0 |
1 |
|a Schneider K. R.
|e aut
|
| 856 |
4 |
0 |
|u http://acta.bibl.u-szeged.hu/42337/1/ejqtde_2011_035_001-023.pdf
|z Dokumentum-elérés
|